Research methods in the behavioral sciences (Record no. 1367303)

MARC details
000 -LEADER
fixed length control field 00576nam a2200193Ia 4500
005 - DATE AND TIME OF LATEST TRANSACTION
control field 20250508160913.0
008 - FIXED-LENGTH DATA ELEMENTS--GENERAL INFORMATION
fixed length control field 008 250505s9999 xx 000 0 eng d
037 ## - SOURCE OF ACQUISITION
Stock number Reference
040 ## - CATALOGING SOURCE
Original cataloging agency FEDL
Language of cataloging eng
Transcribing agency FEDL
041 ## - LANGUAGE CODE
Language code of text/sound track or separate title eng
Source of code eng
084 ## - COLON CLASSIFICATION NUMBER
Classification number 001.42, FES
Assigning agency FEDL
100 ## - MAIN ENTRY--PERSONAL NAME
Personal name Festinger Leon Ed.
245 #0 - TITLE STATEMENT
Title Research methods in the behavioral sciences
260 ## - PUBLICATION, DISTRIBUTION, ETC.
Place of publication, distribution, etc. New Delhi, India
Name of publisher, distributor, etc. Amerind Publishing Company Pvt. Ltd.
Date of publication, distribution, etc. 1953
300 ## - PHYSICAL DESCRIPTION
Extent xi,660p.
700 ## - ADDED ENTRY--PERSONAL NAME
Personal name Katz Daniel Ed.
9 (RLIN) 769705
942 ## - ADDED ENTRY ELEMENTS (KOHA)
Koha item type Reference
Classification part 001.42, FES
Holdings
Withdrawn status Lost status Damaged status Not for loan Home library Current library Date acquired Total Checkouts Full call number Barcode Date last seen Price effective from Koha item type
        Department of Education Library Department of Education Library 2025-05-08   001.42, FES EL0054206 2025-05-08 2025-05-08 Reference
Copyright @ Delhi University Library System